00371nam a2200109Ia 4500008004100000020001800041040002900059050002200088100004600110245006100156260004400217230107s9999||||xx |||||||||||||| ||und|| a1-292-02084-9 cChuka University Library aGE 105 bW75 2014 aWright, Richard T. and Boorse, Dorothy F. 0aPearson New International Edition: Environmental Science aPearson Education LimitedbLondonc2014